000 01124nam a2200241 i 4500
001 68571
003 ES-MaACL
005 20250827090954.0
007 t|
008 040701s1907 sp ||||1| spa d
245 0 4 _aLos amantes de Teruel :
_bAntonio Serón y su Silva a Cintia : (poesía latina inédita del siglo XVI) /
_cprecedida de un prólogo de Domingo Gascón y Guimbao ; seguida de la traducción castellana y de la bibliografía de los amantes.
246 3 _aSilva a Cintia
260 _aMadrid :
_b[s.n.],
_c1907 (
_fImp. de los Hijos de M.G. Hernández)
300 _a168, [12] p., [6] h. de lám. :
_bil. ;
_c19 cm.
530 _aDisponible en formato digital.
630 4 _aLos amantes de Teruel-
_vBibliografías.
_9171902
650 7 _aAmantes de Teruel (Leyenda)
_2embne
_9150826
700 1 _aSerón, Antonio.
_9105594
700 1 _aGascón y Guimbao, Domingo.
_955865
852 _aES-MaACL
_jT-1172-F-1
_z- Dedicatoria autógrafa de Domingo Gascón
856 _uhttp://bibliotecadigital.jcyl.es/es/consulta/registro.do?id=32599
_zBiblioteca Digital de Castilla y León
999 _c68571
_d68571